| 000 | 01324nam a2200409 a 4500 | ||
|---|---|---|---|
| 008 | 130729s2013 ag ||||| |||| 00| 0 spa d | ||
| 020 | _a9788415684022 | ||
| 041 | _aspa | ||
| 092 |
_c616.072 _l7 _sBIC |
||
| 100 | 1 |
_aBickley, Lynn S. _92535 |
|
| 245 |
_aBates. Guía de exploración física e historia clínica / _cLynn S. Bickley |
||
| 250 | _a11a ed. | ||
| 260 |
_aBarcelona: _bLippincott; _c2013. |
||
| 300 | _a994 p. | ||
| 500 | _aBickley, L. S. y Szilagyi, P. G. (Col.). (2013). Bates. Guía de exploración física e historia clínica. (11a ed.). Barcelona : Lippincott. | ||
| 653 | _aExploracion fisica | ||
| 653 | _aHistoria clinica | ||
| 653 | _aExploracion por regiones | ||
| 653 | _aConducta y estado mental | ||
| 653 | _aPiel, pelo y uñas | ||
| 653 | _aCabeza y cuello | ||
| 653 | _aTorax y pulmones | ||
| 653 | _aSistema cardiovascular | ||
| 653 | _aMamas y axilas | ||
| 653 | _aAbdomen | ||
| 653 | _aSistema vascular periferico | ||
| 653 | _aGenitales masculinos | ||
| 653 | _aGenitales femeninos | ||
| 653 | _aAno, recto y prostata | ||
| 653 | _aAparato locomotor | ||
| 653 | _aSistema nervioso | ||
| 653 | _aEvaluacion pediatrica - lactanciay adolescencia | ||
| 653 | _aEmbarazo | ||
| 653 | _aPersonas mayores | ||
| 700 | 1 | 0 |
_aSzilagyi, Peter G. _92537 |
| 942 |
_2ddc _cBK |
||
| 999 |
_c1590 _d1590 |
||